Ted Lasso - Statistiques

Statistiques générales
  • Ce quiz a été pris 191 fois
  • Le résultat moyen est 11 sur 15
Statistiques - réponses
Hint Réponse % Correct
Comment se nomme le nouvel entraineur (personnage principal) ? Ted Lasso
98%
Comment se nomme le club de foot ? AFC Richmond
96%
Par quel club Jamie Tartt a été prêté ? Manchester City
92%
De quelle nationalité est Sam Obisanya Nigérien
91%
Avec quel club Roy Kent a-t-il gagné la Champions League ? Chelsea
87%
Quel club Nate part-il entrainer à la fin de la saison 2 ? West Ham
87%
Que cache Colin a tout ses coéquipiers ? Son homosexualité
79%
Quelle star mondiale est recrutée dans la saison 3 ? Zava
78%
Comment se nomme son assistant ? Coach Beard
76%
Quelle est la phrase favorite de Dani Rojas ? (en VO) Football is life
73%
De quelle comptine est tirée la musique de Jamie ? Baby Shark
61%
D'ou venait-il ? Kansas City
48%
Quel est l'ancien sponsor de l'équipe ? Dubai Air
44%
Comment se nomme le stade de l'équipe ? Nelson Road Stadium
39%
Quelle musique chante Rebecca à l'enterrement de son père ? Never gonna give you up
29%
Aucun quiz correspondant
Distribution des résultats
% des personnes avec chaque résultat
Percentile par nombre de réponses
Votre historique - résultats
Vous n’avez pas pris ce quiz